| 000 | 01146nac a22002531u 4500 | ||
|---|---|---|---|
| 008 | 101011t xxu||||| |||| 00| 0 eng d | ||
| 010 | _a2001089346 | ||
| 020 | _a0764508679 | ||
| 020 | _a812650238X | ||
| 082 | 0 | 0 |
_a005.268 _bWAN |
| 100 |
_aWang, Wally. _920273 |
||
| 245 | 1 | 0 |
_aVisual Basic .NET for dummies / _cby Wallace Wang. |
| 260 |
_aNew Delhi : _bHungry Minds, _cc2001. |
||
| 300 |
_axxvi, 401 p. : _bill. ; _c24 cm. |
||
| 490 |
_920272 _aFor Dummies |
||
| 504 | _aIncludes bibliographical references and index. | ||
| 650 | 0 |
_aBASIC (Computer program language) _920274 |
|
| 650 | 0 |
_aMicrosoft Visual BASIC _94552 |
|
| 856 | 4 | 2 |
_3Contributor biographical information _uhttp://www.loc.gov/catdir/bios/wiley045/2001089346.html |
| 856 | 4 | 2 |
_3Publisher description _uhttp://www.loc.gov/catdir/description/wiley038/2001089346.html |
| 856 | 4 | 2 |
_3Table of contents _uhttp://www.loc.gov/catdir/toc/wiley021/2001089346.html |
| 942 |
_cBB _k005.268WAN _2ddc |
||
| 999 |
_c667 _d667 |
||